NOMENCLATURA inorganica - Estadísticas

Estadísticas generales
  • Esta prueba ha sido intentada 47 veces
  • La puntuación promedio es 14 de 55
Estadísticas de respuestas
Hint Respuesta % Correcto
peroxido de sodio (I) Peroxido
63%
Oxido de aluminio (III) Oxido Metálicos u Básicos
50%
Oxido cuproso Oxido Metálicos u Básicos
50%
CaO Oxido Metálicos u Básicos
50%
Peroxido de magnesio Peroxido
50%
H2S Acidos hidracidos
38%
Acido clorhidrico Acidos hidracidos
38%
Acido ortosilico Acidos oxacidos
38%
Anhídrido cloroso Anhídrido
38%
Estibamina Compuestos hidrogenados especiales
38%
Metano Compuestos hidrogenados especiales
38%
M(OH)x Hidróxidos
38%
Fe(OH)3 Hidróxidos
38%
Hidróxido de potasio Hidróxidos
38%
Hidruro ferroso Hidruros metalicos
38%
MxOy Oxido Metálicos u Básicos
38%
Oxido salino de cromo Oxidos salinos
38%
Fluoruro de Hidrogeno Acidos hidracidos
25%
Hx NMy Oz Acidos oxacidos
25%
H4P2O7 Acidos oxacidos
25%
Acido metabórico Acidos oxacidos especiales
25%
Oxido de azufre (IV) Anhídrido
25%
Anfoteros + oxigeno Anhídrido especiales
25%
Anhídrido mangánico Anhídrido especiales
25%
NH3 Compuestos hidrogenados especiales
25%
Hidróxido de Magnesio (II) Hidróxidos
25%
M Hx Hidruros metalicos
25%
CuH2 Hidruros metalicos
25%
Hidruro de calcio (II) Hidruros metalicos
25%
CO Oxidos neutros
25%
Monoxido de nitrogeno Oxidos neutros
25%
Oxido de nitrogeno (IV) Oxidos neutros
25%
Oxido de estaño (II,III) Oxidos salinos
25%
M + O2 Peroxido
25%
Nitrato cuproso Sales oxisales neutras
25%
HxNM Acidos hidracidos
13%
N2O5 + H2O Acidos oxacidos
13%
Anhídrido especiales + H2O Acidos oxacidos especiales
13%
HMnO4 Acidos oxacidos especiales
13%
SO3 Anhídrido
13%
B2O3 Anhídrido especiales
13%
GeH4 Compuestos hidrogenados especiales
13%
C / Nx Oy Oxidos neutros
13%
MxOy + MxOy Oxidos salinos
13%
H2O2 Peroxido
13%
MxNMy Sales halógenas neutras
13%
CuI Sales halógenas neutras
13%
Cloruro de sodio (I) Sales halógenas neutras
13%
Hx NMy Oz + M(OH)x Sales oxisales neutras
13%
Na2SO4 Sales oxisales neutras
13%
NMxOy Anhídrido
0%
Oxido de cromo (VI) Anhídrido especiales
0%
Fe3O4 Oxidos salinos
0%
Bromuro Ferrico Sales halógenas neutras
0%
Clorato de plomo (II) Sales oxisales neutras
0%
No se encontraron pruebas coincidentes
Distribución de puntuación
Porcentaje de gente con cada puntuación
Porcentaje por número respondido
Historial de tus puntuaciones
No has intentado esta prueba.